Введение в экспериментальную механику машин (Запись № 1436080)

Подробности
000 -МАРКЕР
контрольное поле 01788nam0a2200313 4500
001 - ИДЕНТИФИКАТОР ЗАПИСИ
контрольное поле RU\NLR\bibl\552738
005 - ИДЕНТИФИКАТОР ВЕРСИИ
контрольное поле 20250609160922.0
010 ## - МЕЖДУНАРОДНЫЙ СТАНДАРТНЫЙ НОМЕР КНИГИ (ISBN)
Номер (ISBN) 5-7038-2501-6
Тираж 100
021 ## - НОМЕР ГОСУДАРСТВЕННОЙ РЕГИСТРАЦИИ
Код страны российская федерация
Номер 2004-46022
Номер Листа государственной регистраци 2281
035 ## - ДРУГИЕ СИСТЕМНЫЕ НОМЕРА
Идентификатор записи (NLR Aleph) 000544904
100 ## - ДАННЫЕ ОБЩЕЙ ОБРАБОТКИ
Данные общей обработки 20040915d2004 |||y0rusy50 ca
101 0# - ЯЗЫК РЕСУРСА
Язык текста, звукозаписи и т.д. русский
102 ## - СТРАНА ПУБЛИКАЦИИ ИЛИ ПРОИЗВОДСТВА
Страна публикации российская федерация
105 ## - ПОЛЕ КОДИРОВАННЫХ ДАННЫХ: ТЕКСТОВЫЕ МАТЕРИАЛЫ, МОНОГРАФИЧЕСКИЕ
Кодированные данные о монографическом текстовом документе a |||||||||
200 1# - ЗАГЛАВИЕ И СВЕДЕНИЯ ОБ ОТВЕТСТВЕННОСТИ
Основное заглавие Введение в экспериментальную механику машин
Сведения, относящиеся к заглавию Учеб. пособие для студентов вузов, обучающихся по направлению 652600 "Ракетостроение и космонавтика", спец. 130600 "Ракетостроение", 130700 "Косм. аппараты и разгон. блоки", 121000 "Пр-во изделий из композиц. материалов"
Первые сведения об ответственности Л.П. Таирова
Последующие сведения об ответственности Моск. гос. техн. ун-т им. Н.Э. Баумана
210 ## - ПУБЛИКАЦИЯ, РАСПРОСТРАНЕНИЕ И ДР.
Место издания, распространения и т.д. М.
Имя издателя, распространителя и т. д. Изд-во МГТУ
Дата издания, распространения и т.д. 2004
215 ## - ФИЗИЧЕСКАЯ ХАРАКТЕРИСТИКА
Специфическое обозначение материала и объем 47,[1] с.
Другие сведения о физической характеристике ил.
Размеры 21
320 ## - ПРИМЕЧАНИЯ О НАЛИЧИИ В ДОКУМЕНТЕ БИБЛИОГРАФИИ / УКАЗАТЕЛЯ
Текст примечания Библиогр.: с. 46-47
606 0# - НАИМЕНОВАНИЕ ТЕМЫ КАК ПРЕДМЕТ
Наименование темы Машины
Формальный подзаголовок Руководства, пособия и т.п. для высшей школы
Тематический подзаголовок Теория
Системный номер авторитетной/нормативной записи 1519070
Идентификатор авторитетной/нормативной записи RU\NLR\auth\66660207
606 0# - НАИМЕНОВАНИЕ ТЕМЫ КАК ПРЕДМЕТ
Наименование темы Механизмы
Формальный подзаголовок Руководства, пособия и т.п. для высшей школы
Тематический подзаголовок Теория
Системный номер авторитетной/нормативной записи 1046438
Идентификатор авторитетной/нормативной записи RU\NLR\auth\6685734
606 0# - НАИМЕНОВАНИЕ ТЕМЫ КАК ПРЕДМЕТ
Наименование темы Машин и механизмов теория
Формальный подзаголовок Учебные издания для высших учебных заведений
Системный номер авторитетной/нормативной записи 2086099
Идентификатор авторитетной/нормативной записи RU\NLR\auth\661262226
686 ## - ИНДЕКСЫ ДРУГИХ КЛАССИФИКАЦИЙ
Индекс К412я73-1
700 #1 - ИМЯ ЛИЦА - ПЕРВИЧНАЯ ОТВЕТСТВЕННОСТЬ
Начальный элемент ввода Таирова
Часть имени, кроме начального элемента ввода Л. П.
Расширение инициалов личного имени Людмила Павловна
Код отношения Автор
801 #0 - ИСТОЧНИК ЗАПИСИ
Страна российская федерация
Организация NLR
Дата составления 20040915
Правила каталогизации PSBO
801 #1 - ИСТОЧНИК ЗАПИСИ
Страна российская федерация
Организация NLR
Дата составления 20040915
942 ## - ДОПОЛНИТЕЛЬНЫЕ ЭЛЕМЕНТЫ ЗАПИСИ (АБИС)
Тип экземпляра АБИС Книга
980 ## - КОЛЛЕКЦИЯ
Название коллекции Национальная библиография
Экземпляры
Тип экземпляра Дата поступления Источник поступления Библиотека постоянного хранения Библиотека текущего хранения Место хранения Шифр хранения Штрих-код Статус не для выдачи
Книга 15.09.2004 Обязательный экземпляр РНБ (Московский) РНБ (Московский) Русский книжный фонд: издания с 1957 года, 3этаж 2004-4/18514 751381  
Книга 15.09.2004 Обязательный экземпляр РНБ (Московский) РНБ (Московский) Русский книжный фонд: издания с 1957 года, 3этаж 2004-4/18514 751382